000 00465nam a2200193Ia 4500
005 20240823020628.0
008 240823s9999||||xx |||||||||||||| ||und||
020 _a0-89213-256-6
041 _aENGLISH
082 _A294.5925 P5
100 _aSwami Prabhupada
245 0 _aSrimad Bhagavatam : Fifth Canto
250 _a1st
260 _c2005
_bBhaktivedanta Book
_aMumbai
500 _aYES
650 _aPurana
_bGeneral
942 _cBK
999 _c175198
_d175198